| 000 | 00932nam a2200289Ia 4500 | ||
|---|---|---|---|
| 003 | OSt | ||
| 005 | 20221005081424.0 | ||
| 006 | a|||||r|||| 00| 0 | ||
| 007 | ta | ||
| 008 | 221004b |||||||| |||| 00| 0 hin d | ||
| 020 |
_a8126701498 _c250 |
||
| 024 | _a83474 | ||
| 037 |
_b8030, 30/03/2005, Hindi Book Centre _cTextual |
||
| 040 |
_aCRL _cCRL _bhin |
||
| 041 |
_2hin _ahin |
||
| 082 | _aO152,3:g(Y15), P1 | ||
| 100 | _aYadav Rajendra Ed. | ||
| 245 | 0 | _aAteet hoti sadi aur stree ka bhavishya edited by Rajendra Yadav and Archana Verma | |
| 260 |
_aNew Delhi _bRajkamal Prakashan India _c2001 |
||
| 300 |
_a288p. _ccm. |
||
| 650 | _a ENGLISH LITERATURE | ||
| 650 | _a HINDI FICTION | ||
| 650 | _aFEMINISM | ||
| 700 |
_a Verma Archana Ed. _9405324 |
||
| 942 |
_hO152,3:g(Y15), P1 _cTEXL _2cc |
||
| 999 |
_c987678 _d987678 |
||